000 00493pab a2200169 454500
008 180718b2007 xxu||||| |||| 00| 0 eng d
100 _aSridhar, Kala Seetharam
245 _aReforming delivery of urban services in developing countries: evidence from a case study in India
260 _c2007
300 _ap.3404-413.
362 _a18 Aug
650 _aPublic utilities - India
650 _aPublic utilities
773 _aEconomic and Political Weekly
908 _aN
909 _a75773
999 _c75773
_d75773